| 000 | 01636cab a2200217 4500 | ||
|---|---|---|---|
| 001 | ABS38161 | ||
| 008 | 090401t1987 xxu||||| |||| 00| 0 eng d | ||
| 035 | _a(Sirsi) u8965 | ||
| 041 | _aeng | ||
| 245 | _aMcLaren`s Discretionary Trustee v Secretary of State for Scotland | ||
| 260 | _c1987 | ||
| 350 | _a0 | ||
| 490 |
_aRating & Valuation Reporter _v27(7/8) August 1987, 146-147(2) |
||
| 520 | _aLTS 6 November 1986. A claim by owner of a Highland sporting estate for compensation as a result of compulsory purchase by the SoS Scotland of part of the estate for realignment of part of the A9 trunk road. Most items of claim were agreed, but 11 items remained for which the claimant sought £335,696 against £50,370 conceded by SoS. The largest claim was for the accommodation works. M`s figure was derived from the capital sum needed to purchase 2% index linked Government stock, which would be the cost of maintenance and renewal when required. S`s valuation approach was related to the actual prime costs of the works, taken as reflecting the diminution of the retained land. The type of sinking fund proposed by M was, according to S, unfounded in law. LTS rejected the valuation based upon the sinking fund method and accepted S`s valuation approach. Compensation for the maintenance of the accommodation works was valued as an item of injurious affection to the retained land. The reason fo | ||
| 650 | _aAMENITY LAND | ||
| 650 | _aFISHING RIGHTS | ||
| 650 | _aINFLATION | ||
| 690 | _aENVIRONMENTAL AND LAND CONSULTANCY-PLANNING AND DEVELOPMENT-COMPULSORY PURCHASE AND COMPENSATION | ||
| 942 | _n0 | ||
| 948 | _c04/03/1997 | ||
| 999 |
_c5554 _d5554 |
||